000 00383nam a2200181Ia 4500
003 0STCL
008 150530s9999 xx 000 0 und d
040 _aSTCL
_cSTCL
100 _aFrost, J R
245 _aKim Notes
250 _a2
260 _bNirman Press
_c1995
_aDelhi
300 _a0
546 _aEnglish
942 _2ddc
_cBK
999 _c50449
_d50449
005 20220125170823.0